| 000 | 01778nam a2200505 i 4500 | ||
|---|---|---|---|
| 001 | 45608 | ||
| 003 | KOSZ 005 | ||
| 005 | 20220920103851.0 | ||
| 008 | 050323s2005 pl f f |000 0 pol | ||
| 020 | _a8373876553 | ||
| 040 |
_cKOSZ 005 _aKOSZ 005 _dKOSZ 005/HR |
||
| 041 | 0 | _apol | |
| 046 | _k2005 | ||
| 080 | _a346.52(438) | ||
| 080 | _a346.52(73) | ||
| 080 | _a346.52(100) | ||
| 080 | _a657 | ||
| 080 | _a(07) | ||
| 100 | 1 |
_aTuryna, Jan _d(1949- ) _eAutor |
|
| 245 | 1 | 0 |
_aRachunkowość finansowa / _cJan Turyna. |
| 250 | _a2. wyd. popr. i rozsz. | ||
| 260 |
_aWarszawa : _bWydawnictwo C.H. Beck, _c2005. |
||
| 300 |
_a283 s. ; _c24 cm. |
||
| 336 |
_2rdacontent _aTekst _btxt |
||
| 337 |
_2rdamedia _aBez urządzenia pośredniczącego _bn |
||
| 338 |
_2rdacarrier _aWolumin _bnc |
||
| 380 | _aKsiążki | ||
| 388 | _a2001- | ||
| 490 | 1 | _aAcademia Oeconomica | |
| 500 | _aNa okł. podtyt.: aktualne zasady rachunkowości i sprawozdawczości finansowej według międzynarodowych standardów (MSR, MSSF), amerykańskich standardów (US GAAP) oraz polskiego ustawdawstwa. | ||
| 504 | _aBibliogr., indeks. | ||
| 650 | 4 | _aMiędzynarodowe Standardy Sprawozdawczości Finansowej (MSSF) | |
| 650 | 4 | _aRachunkowość finansowa | |
| 650 | 4 | _aSprawozdawczość finansowa | |
| 650 | 4 | _aUS GAAP | |
| 651 | 7 | _aPolska | |
| 651 | 7 | _aStany Zjednoczone (USA) | |
| 655 | _aPodręcznik | ||
| 658 | _aGospodarka, ekonomia, finanse | ||
| 658 | _aPrawo i wymiar sprawiedliwości | ||
| 710 | 2 |
_aWydawnictwo C.H. Beck _4pbl. |
|
| 830 | 0 | _aAcademia Oeconomica | |
| 856 |
_uhttp://koha.tu.koszalin.pl/cgi-bin/koha/opac-detail.pl?biblionumber=45608 _yKatalog online BPK |
||
| 942 |
_cKS _2UKD |
||
| 999 |
_c45608 _d45608 |
||